00372nam a2200157Ia 4500003000900000005001700009008004100026040001300067040001300080245005200093245001100145260001400156300000800170490000600178600003000184IT-RoPAU20220918175308.0120407s9999 xx 000 0 und d aIT-RoPAU cIT-RoPAU aIl Concilio Vaticano II - Norme di applicazione cAA.VV. aDehoniane c cm v2 auna copia del 2° a parte